[Event "Titled Tue 24th Jun Late"]
[Site "chess.com INT"]
[Date "2025.06.24"]
[Round "2"]
[White "Petersen, Marcel"]
[Black "Tristan, Leonardo"]
[Result "0-1"]
[WhiteTitle "CM"]
[BlackTitle "GM"]
[WhiteElo "2236"]
[BlackElo "2536"]
[WhiteFideId "12935670"]
[BlackFideId "113816"]
[EventDate "2025.06.24"]

1. e4 d5 2. exd5 Qxd5 3. Nc3 Qa5 4. d4 Nf6 5. Nf3 Bf5 6. Bc4 e6 7. Bd2 Bb4 8. a3
Bxc3 9. Bxc3 Qb6 10. O-O O-O 11. Ne5 Nc6 12. Nxc6 Qxc6 13. Bd3 Be4 14. d5 exd5
15. Bxf6 Qxf6 16. Bxe4 dxe4 17. c3 Qc6 18. Qe2 Rfe8 19. Qe3 a5 20. Rad1 Re7 21.
Rd4 Rae8 22. Rfd1 h6 23. h3 b6 24. a4 Qc5 25. b4 Qh5 26. Rd5 Re5 27. Rd7 R8e7
28. R1d4 Rxd7 29. Rxd7 c5 30. bxa5 bxa5 31. c4 Qf5 32. Ra7 Qe6 33. Qc3 e3 34.
fxe3 Rxe3 35. Ra8+ Kh7 36. Qc2+ g6 37. Qf2 Re1+ 38. Kh2 Qe5+ 39. Qg3 Rh1+ 40.
Kxh1 Qxg3 41. Rxa5 Qe1+ 0-1

[Event "Titled Tue 24th Jun Late"]
[Site "chess.com INT"]
[Date "2025.06.24"]
[Round "2"]
[White "Garde, Guillaume"]
[Black "Kadam, Om Manish"]
[Result "1-0"]
[WhiteTitle "CM"]
[BlackTitle "FM"]
[WhiteElo "2211"]
[BlackElo "2321"]
[WhiteFideId "45138273"]
[BlackFideId "45076294"]
[EventDate "2025.06.24"]

1. d4 Nf6 2. Nf3 g6 3. Nbd2 d5 4. e3 Bg7 5. b3 c5 6. Bb2 cxd4 7. exd4 Nc6 8. Bd3
O-O 9. a3 Bg4 10. h3 Bxf3 11. Nxf3 Ne4 12. O-O e6 13. Re1 f5 14. c4 Qb6 15. c5
Qc7 16. b4 a6 17. Rb1 Rad8 18. Qe2 Rfe8 19. Ne5 Nxe5 20. dxe5 Bxe5 21. Bxe5 Qxe5
22. Bxe4 fxe4 23. c6 b5 24. Rbc1 Rc8 25. a4 bxa4 26. Qxa6 Ra8 27. Qe2 a3 28. b5
Qd4 29. Ra1 Qb6 30. Reb1 Reb8 31. Qe3 Qxe3 32. fxe3 Kf7 33. b6 Ra6 34. c7 Rc8
35. b7 1-0

[Event "Titled Tue 24th Jun Late"]
[Site "chess.com INT"]
[Date "2025.06.24"]
[Round "2"]
[White "Ragger, Markus"]
[Black "Ferrara, Enzo"]
[Result "1-0"]
[WhiteTitle "GM"]
[WhiteElo "2566"]
[BlackElo "2138"]
[WhiteFideId "1610856"]
[BlackFideId "137731"]
[EventDate "2025.06.24"]

1. d4 f5 2. c4 Nf6 3. Nc3 g6 4. h4 Bg7 5. h5 d6 6. h6 Bf8 7. Bg5 e6 8. e4 Be7 9.
e5 Ng8 10. Bxe7 Nxe7 11. Nf3 O-O 12. Qd2 dxe5 13. dxe5 Qxd2+ 14. Kxd2 c5 15. Ng5
Nbc6 16. f4 Rd8+ 17. Ke3 Nd4 18. Rc1 b6 19. g3 Bb7 20. Rh2 Nec6 21. Rd2 Re8 22.
Bg2 Re7 23. Rcd1 Kf8 24. Kf2 Rd8 25. Nb5 a6 26. Bxc6 axb5 27. Bxb7 Rxb7 28.
Nxe6+ Nxe6 29. Rxd8+ Nxd8 30. Rxd8+ Kf7 31. cxb5 g5 32. Rd6 gxf4 33. gxf4 Ra7
34. a3 Ra4 35. Kf3 Rc4 36. Rxb6 Rc2 37. Rf6+ Ke7 38. Rxf5 1-0

[Event "Titled Tue 24th Jun Late"]
[Site "chess.com INT"]
[Date "2025.06.24"]
[Round "2"]
[White "Plichta, Kamil"]
[Black "Zepeda Berlanga, Jan Enrique"]
[Result "1-0"]
[WhiteTitle "FM"]
[BlackTitle "CM"]
[WhiteElo "2361"]
[BlackElo "1984"]
[WhiteFideId "1141830"]
[BlackFideId "5132355"]
[EventDate "2025.06.24"]

1. Nf3 Nf6 2. g3 g6 3. Bg2 Bg7 4. O-O O-O 5. h3 c6 6. d3 d5 7. Nbd2 Re8 8. e4 e5
9. b3 a5 10. a3 Nbd7 11. Bb2 Qc7 12. Re1 b5 13. Rc1 b4 14. a4 Ba6 15. Bf1 Nh5
16. Nh4 Qa7 17. Nf5 Bf8 18. Ne3 Bc5 19. Qf3 Bxe3 20. Qxe3 Qxe3 21. Rxe3 Ng7 22.
Bg2 d4 23. Ree1 Ne6 24. h4 h5 25. Rcd1 Nf6 26. Nf3 Ng4 27. Bc1 Rad8 28. Bh3 Ng7
29. Bg5 Rd6 30. Kg2 Bc8 31. Nd2 f6 32. Nc4 Rdd8 33. Bd2 Be6 34. Nxa5 f5 35. Nxc6
Rc8 36. Nxb4 fxe4 37. dxe4 1-0

[Event "Titled Tue 24th Jun Late"]
[Site "chess.com INT"]
[Date "2025.06.24"]
[Round "2"]
[White "Hernandez Leon, Sergio"]
[Black "Sobek, Jaroslav"]
[Result "1-0"]
[WhiteTitle "CM"]
[BlackTitle "FM"]
[WhiteElo "2102"]
[BlackElo "2195"]
[WhiteFideId "2285622"]
[BlackFideId "301388"]
[EventDate "2025.06.24"]

1. e4 c5 2. Nc3 a6 3. g3 b5 4. Bg2 Bb7 5. d3 d6 6. Nh3 e6 7. O-O Be7 8. f4 Nc6
9. Be3 Rc8 10. Ne2 Qc7 11. c3 Nf6 12. Nf2 O-O 13. d4 cxd4 14. cxd4 d5 15. e5 Nd7
16. Rc1 Qb6 17. Qd2 Na5 18. b3 Rxc1 19. Rxc1 Ba3 20. Rc2 Rc8 21. g4 Rxc2 22.
Qxc2 Nc6 23. f5 Nb4 24. Qd2 Qc6 25. Nc3 a5 26. Bf1 Ba6 27. f6 gxf6 28. exf6 Qd6
29. Bh6 Ne5 30. dxe5 Qxe5 31. Qg5+ Qxg5 32. Bxg5 Bb2 33. Nxb5 Nxa2 34. Bd2 Nb4
35. Nc7 Bxf1 36. Kxf1 Bxf6 37. Bxb4 axb4 38. Na6 Be7 39. Nd3 f5 40. gxf5 exf5
41. Naxb4 Bd6 42. h3 d4 43. Nc6 Kf7 44. Nxd4 Kg6 45. b4 Kg5 46. b5 f4 47. b6 f3
48. Nxf3+ Kf5 49. Ke2 1-0

[Event "Titled Tue 24th Jun Late"]
[Site "chess.com INT"]
[Date "2025.06.24"]
[Round "2"]
[White "Maghsoodloo, Parham"]
[Black "Richter, Paul"]
[Result "1-0"]
[WhiteTitle "GM"]
[WhiteElo "2691"]
[BlackElo "2171"]
[WhiteFideId "12539929"]
[BlackFideId "2046350"]
[EventDate "2025.06.24"]

1. d4 Nf6 2. c4 g6 3. Nc3 Bg7 4. e4 d6 5. h3 O-O 6. Be3 Na6 7. Be2 e5 8. d5 Nc5
9. Bf3 a5 10. g4 Nfd7 11. Nge2 Bf6 12. Qd2 Bh4 13. Ng3 f6 14. b3 Bg5 15. h4 Bxe3
16. Qxe3 Qe7 17. Bd1 Rf7 18. Bc2 Nf8 19. f3 Kh8 20. Kd2 Bd7 21. Rae1 Rb8 22. a4
c6 23. g5 fxg5 24. hxg5 Kg8 25. Nge2 Be8 26. Rh6 b5 27. dxc6 bxc4 28. Nd5 Qd8
29. bxc4 Bxc6 30. Nec3 Rb2 31. Kc1 Rb4 32. Nxb4 axb4 33. Nb5 Bxb5 34. cxb5 Nfe6
35. Bb3 Nxb3+ 36. Qxb3 Qc8+ 37. Kb1 Nd4 38. Qa2 b3 39. Qd2 Rxf3 40. Rc1 Qe6 41.
Rc7 1-0

[Event "Titled Tue 24th Jun Late"]
[Site "chess.com INT"]
[Date "2025.06.24"]
[Round "2"]
[White "Tan, Zhongyi"]
[Black "Mishra, Abhimanyu"]
[Result "1-0"]
[WhiteTitle "GM"]
[BlackTitle "GM"]
[WhiteElo "2546"]
[BlackElo "2611"]
[WhiteFideId "8603642"]
[BlackFideId "30920019"]
[EventDate "2025.06.24"]

1. e4 e6 2. d4 d5 3. Nc3 Bb4 4. exd5 exd5 5. Bd3 Nf6 6. a3 Bxc3+ 7. bxc3 O-O 8.
Ne2 Bg4 9. h3 Bh5 10. O-O Nc6 11. Bf4 Re8 12. Qd2 Bxe2 13. Bxe2 Ne4 14. Qd3 Qf6
15. Be3 Rad8 16. Rae1 Na5 17. Bf3 Nc4 18. Bc1 Qg6 19. Re2 f5 20. Rfe1 Re6 21.
Bf4 c6 22. a4 Nb2 23. Qe3 Nxa4 24. c4 Nac3 25. Qxc3 Nxc3 26. Rxe6 Qf7 27. Re7
Qf8 28. Rxb7 dxc4 29. Ree7 Re8 30. Red7 h6 31. Be5 Rxe5 32. dxe5 Ne4 33. e6 Qa3
34. e7 Qc1+ 35. Rd1 1-0

[Event "Titled Tue 24th Jun Late"]
[Site "chess.com INT"]
[Date "2025.06.24"]
[Round "2"]
[White "Khanbutaev, Artemii"]
[Black "Zhukovskyi, Oleksandr"]
[Result "1-0"]
[BlackTitle "CM"]
[WhiteElo "2139"]
[BlackElo "2145"]
[WhiteFideId "55747175"]
[BlackFideId "14169371"]
[EventDate "2025.06.24"]

1. d4 Nf6 2. c4 g6 3. Nc3 d5 4. cxd5 Nxd5 5. Bd2 Bg7 6. e4 Nb6 7. Be3 O-O 8. Rc1
Na6 9. h3 c6 10. Bxa6 bxa6 11. Nf3 Nc4 12. O-O Nxe3 13. fxe3 Bh6 14. Qe2 Qa5 15.
b3 Qh5 16. Na4 Qb5 17. Kf2 Qb4 18. Rc4 Qa3 19. Rfc1 Rb8 20. Nc5 Rb4 21. Rxb4
Qxb4 22. Rc4 Qb6 23. Qc2 Rd8 24. Na4 Qb8 25. Rxc6 Bb7 26. Rc5 Bg7 27. Nc3 e5 28.
d5 f5 29. exf5 Bf8 30. Rc4 Bxd5 31. Nxd5 Rxd5 32. fxg6 Qd6 33. Rc6 Qd7 34. Qc4
hxg6 35. Rxg6+ Kf7 36. Nxe5+ 1-0

[Event "Titled Tue 24th Jun Late"]
[Site "chess.com INT"]
[Date "2025.06.24"]
[Round "2"]
[White "Ohler, Julius"]
[Black "Gorbenko, Rustem"]
[Result "1-0"]
[WhiteTitle "FM"]
[BlackTitle "CM"]
[WhiteElo "2301"]
[BlackElo "2201"]
[WhiteFideId "16238982"]
[BlackFideId "14111438"]
[EventDate "2025.06.24"]

1. d4 Nf6 2. Bf4 e6 3. e3 d5 4. h3 c5 5. c3 Bd6 6. Bxd6 Qxd6 7. Nf3 Nc6 8. Bb5
O-O 9. Nbd2 Bd7 10. O-O a6 11. Bxc6 Bxc6 12. Ne5 Nd7 13. Nxd7 Bxd7 14. Nf3 f6
15. c4 cxd4 16. Qxd4 Bc6 17. Rfd1 Rfd8 18. e4 e5 19. Qd3 d4 20. Rac1 b6 21. b3
a5 22. a4 Rac8 23. Ne1 f5 24. exf5 e4 25. Qd2 Qe5 26. Nc2 Rd7 27. Nxd4 Rcd8 28.
Nxc6 Rxd2 29. Rxd2 Qxf5 30. Ne7+ Kf7 31. Nxf5 Rxd2 32. Rc3 Kf6 33. Ng3 Ke5 34.
Re3 Rb2 35. Rxe4+ Kd6 36. Re3 Kc5 37. Nf5 Kb4 38. Nxg7 Rxb3 39. Rxb3+ Kxb3 40.
f4 Kxc4 41. f5 b5 42. axb5 a4 43. b6 a3 44. b7 a2 45. b8=Q a1=Q+ 46. Kh2 Qxg7
47. Qf4+ Kd5 48. f6 Qf7 49. Qf5+ Kd6 50. h4 Qc7 51. Qf4+ Kd7 52. Qxc7+ Kxc7 53.
f7 1-0

[Event "Titled Tue 24th Jun Late"]
[Site "chess.com INT"]
[Date "2025.06.24"]
[Round "2"]
[White "Caruana, Fabiano"]
[Black "Sitbon, Itay"]
[Result "1-0"]
[WhiteTitle "GM"]
[WhiteElo "2777"]
[BlackElo "2206"]
[WhiteFideId "2020009"]
[BlackFideId "2820706"]
[EventDate "2025.06.24"]

1. Nc3 Nf6 2. e4 d5 3. e5 d4 4. exf6 dxc3 5. fxg7 cxd2+ 6. Bxd2 Bxg7 7. c3 Nc6
8. Qc2 Qd5 9. Nf3 Bf5 10. Qb3 O-O-O 11. Qxd5 Rxd5 12. Bc4 Rd6 13. Bxf7 Rf8 14.
Bb3 Bd3 15. O-O-O e5 16. Be3 e4 17. Ne1 Ne5 18. h3 Rxf2 19. Nxd3 Rxg2 20. Nxe5
Bxe5 21. Rxd6 cxd6 22. Bd5 Kc7 23. a4 Rg3 24. Bxa7 e3 25. a5 Bf4 26. Kc2 Rg5 27.
c4 h5 28. Bb6+ Kd7 29. Kd3 h4 30. Rf1 1-0

[Event "Titled Tue 24th Jun Late"]
[Site "chess.com INT"]
[Date "2025.06.24"]
[Round "2"]
[White "Jing, Andrew"]
[Black "Rozman, Levy"]
[Result "0-1"]
[WhiteTitle "FM"]
[BlackTitle "IM"]
[WhiteElo "2292"]
[BlackElo "2324"]
[WhiteFideId "30984076"]
[BlackFideId "2039877"]
[EventDate "2025.06.24"]

1. Nf3 g6 2. d4 Nf6 3. g3 Bg7 4. Bg2 O-O 5. O-O d6 6. c4 Nc6 7. Nc3 e5 8. dxe5
dxe5 9. Bg5 Be6 10. Qa4 Qe8 11. Bxf6 Bxf6 12. Nd5 Bd8 13. Qb3 Bc8 14. c5 Kg7 15.
Qc3 f6 16. b4 Be6 17. e4 Bg4 18. b5 Ne7 19. a4 c6 20. Ne3 Bxf3 21. Bxf3 cxb5 22.
axb5 Qxb5 23. Rfb1 Qd7 24. Bg4 Qc6 25. Qb3 b6 26. cxb6 Bxb6 27. Rc1 Qxe4 28. Ra4
Qb7 29. Bh3 Rac8 30. Bxc8 Nxc8 31. Qd5 Qe7 32. Nc4 Rd8 33. Qf3 Bd4 34. Na5 Nb6
35. Nc6 Qe8 36. Rxa7+ Rd7 37. Rxd7+ Nxd7 38. Nxd4 exd4 39. Qd3 Ne5 40. Rc7+ Kh6
41. Qd2+ g5 42. Kg2 Qa8+ 43. Kh3 Nf3 44. Qd3 g4+ 45. Kxg4 Ne5+ 0-1

[Event "Titled Tue 24th Jun Late"]
[Site "chess.com INT"]
[Date "2025.06.24"]
[Round "2"]
[White "Van der Werf, Mark"]
[Black "Schmider, Niklas"]
[Result "1-0"]
[WhiteTitle "IM"]
[BlackTitle "IM"]
[WhiteElo "2390"]
[BlackElo "2421"]
[WhiteFideId "1000470"]
[BlackFideId "12993778"]
[EventDate "2025.06.24"]

1. Nf3 Nf6 2. c4 c6 3. g3 d5 4. Bg2 dxc4 5. O-O Nbd7 6. a4 a5 7. Na3 Nb6 8. Qc2
Qd5 9. Nh4 Qd4 10. Nf3 Qe4 11. d3 cxd3 12. exd3 Qxa4 13. b3 Qb4 14. Nc4 Nxc4 15.
bxc4 Bg4 16. Ba3 Qb6 17. Ne5 Qc7 18. d4 e6 19. Bxf8 Kxf8 20. Nxg4 Nxg4 21. Rfb1
g6 22. Qb2 Ra7 23. d5 Qe5 24. Qb6 Ra8 25. Re1 Qf6 26. dxe6 fxe6 27. h3 Ne5 28.
Qxb7 Rd8 29. Rxa5 Nd3 30. Rf1 Qe7 31. Qxc6 Kg7 32. Rfa1 Qf6 33. Ra7+ Kh6 34. Qb6
Rhf8 35. Qe3+ g5 36. Be4 Nxf2 37. Rxh7# 1-0

[Event "Titled Tue 24th Jun Late"]
[Site "chess.com INT"]
[Date "2025.06.24"]
[Round "2"]
[White "Goryachkina, Aleksandra"]
[Black "Martinez, Leonard"]
[Result "0-1"]
[WhiteTitle "GM"]
[WhiteElo "2533"]
[BlackElo "2216"]
[WhiteFideId "4147103"]
[BlackFideId "2020572"]
[EventDate "2025.06.24"]

1. e4 Nf6 2. e5 Nd5 3. d4 d6 4. c4 Nb6 5. exd6 exd6 6. Nc3 Be7 7. Be3 O-O 8. Bd3
c6 9. Qc2 h6 10. Nge2 Na6 11. a3 Nc7 12. O-O d5 13. c5 Nc4 14. Bc1 Bf6 15. b3
Na5 16. Be3 b6 17. Rad1 Ba6 18. Bf4 Bxd3 19. Rxd3 Ne6 20. Bd6 Re8 21. Rfd1 Nb7
22. Be5 bxc5 23. Rf3 Ng5 24. Rxf6 gxf6 25. Bg3 Nd6 26. f3 c4 27. b4 Qd7 28. h4
Nh7 29. Qd2 Kg7 30. Bxd6 Qxd6 31. Nf4 f5 32. Nce2 Kh8 33. Nh5 Rg8 34. Kh1 Rae8
35. Nef4 Nf6 0-1

[Event "Titled Tue 24th Jun Late"]
[Site "chess.com INT"]
[Date "2025.06.24"]
[Round "2"]
[White "Jagirapu, Harshin Reddy"]
[Black "Guliev, Gasan"]
[Result "1-0"]
[BlackTitle "CM"]
[WhiteElo "2042"]
[BlackElo "2123"]
[WhiteFideId "39910679"]
[BlackFideId "34165638"]
[EventDate "2025.06.24"]

1. Nf3 Nf6 2. g3 e6 3. Bg2 b6 4. O-O Bb7 5. d4 Be7 6. c4 O-O 7. Nc3 Ne4 8. Bd2
Nxd2 9. Qxd2 d6 10. d5 e5 11. b4 a5 12. a3 Nd7 13. e4 g6 14. Rab1 f5 15. Ne1 f4
16. Nd3 Bg5 17. Qe2 Qf6 18. Bh3 axb4 19. axb4 Rad8 20. c5 bxc5 21. bxc5 Ba6 22.
Be6+ Kh8 23. cxd6 cxd6 24. Nb5 Rb8 25. Bxd7 f3 26. Qa2 Ra8 27. Qc2 Rf7 28. Be6
Re7 29. Qc6 Bb7 30. Qxd6 Bf4 31. Nxf4 exf4 32. Qxf4 Qg7 33. Qxf3 Rf8 34. Qc3
Qxc3 35. Nxc3 1-0

[Event "Titled Tue 24th Jun Late"]
[Site "chess.com INT"]
[Date "2025.06.24"]
[Round "2"]
[White "Deichmann, Esteban Horacio"]
[Black "Levano Loayza, Adriano Jaffet"]
[Result "1-0"]
[BlackTitle "CM"]
[WhiteElo "2103"]
[BlackElo "2023"]
[WhiteFideId "167410"]
[BlackFideId "3865584"]
[EventDate "2025.06.24"]

1. e4 c5 2. c3 d5 3. exd5 Qxd5 4. d4 Nf6 5. Nf3 e6 6. Be3 cxd4 7. cxd4 Bb4+ 8.
Nc3 O-O 9. Bd3 Nc6 10. O-O Qd6 11. Rc1 a6 12. Bb1 b6 13. Qd3 g6 14. Ne4 Nxe4 15.
Qxe4 Bb7 16. Qh4 Qe7 17. Bg5 f6 18. Bh6 Rfd8 19. Rcd1 Bd6 20. Rfe1 Qf7 21. Be4
Na5 22. Bxb7 Nxb7 23. Bf4 Bxf4 24. Qxf4 Rd5 25. h4 Rad8 26. Re4 Nd6 27. Re2 Nf5
28. Qe4 e5 29. Red2 Nd6 30. Qe2 e4 31. Ne1 Re8 32. Qxa6 Rb5 33. Qa3 Nc4 34. Qa4
Ra5 35. Qc6 Nxd2 36. Rxd2 Rxa2 37. Nc2 Rxb2 38. d5 Rd8 39. d6 Qe6 40. Qc7 Qd7
41. Qc4+ Kg7 42. Qxe4 b5 43. Qd4 Rb1+ 44. Kh2 b4 45. Re2 b3 46. Re7+ 1-0

[Event "Titled Tue 24th Jun Late"]
[Site "chess.com INT"]
[Date "2025.06.24"]
[Round "2"]
[White "Jimenez Fernandez, Rebeca"]
[Black "Bouchet, Sebastien"]
[Result "0-1"]
[WhiteTitle "WFM"]
[BlackTitle "CM"]
[WhiteElo "2154"]
[BlackElo "2180"]
[WhiteFideId "32070934"]
[BlackFideId "623571"]
[EventDate "2025.06.24"]

1. d4 Nf6 2. c4 e6 3. Nf3 Bb4+ 4. Bd2 Qe7 5. g3 Ne4 6. Bg2 f5 7. O-O Bxd2 8.
Nbxd2 d5 9. Rc1 c6 10. Ne5 Nd7 11. Nd3 Ndf6 12. Nf3 O-O 13. Nfe5 Bd7 14. e3 Be8
15. Qa4 Bh5 16. f3 Nd2 17. Rf2 Nxc4 18. Nxc4 b5 19. Qb4 Qxb4 20. Nxb4 bxc4 21.
Nxc6 Rf7 22. b3 cxb3 23. axb3 Rb7 24. b4 Be8 25. Bf1 Bxc6 26. Rxc6 Rxb4 27. Rxe6
a5 28. Bd3 a4 29. Ra2 Kf7 30. Bxf5 g6 31. Bh3 a3 32. Rc6 Rb3 33. Ra1 Rxe3 0-1

[Event "Titled Tue 24th Jun Late"]
[Site "chess.com INT"]
[Date "2025.06.24"]
[Round "2"]
[White "Jimenez Salas, Maria Teresa"]
[Black "Bustelo, Tabare"]
[Result "1-0"]
[WhiteTitle "WIM"]
[BlackTitle "CM"]
[WhiteElo "2170"]
[BlackElo "2043"]
[WhiteFideId "3843866"]
[BlackFideId "3000362"]
[EventDate "2025.06.24"]

1. e4 e5 2. Nf3 f5 3. Nxe5 Qf6 4. d4 d6 5. Nc4 fxe4 6. Nc3 Qf7 7. Ne3 Nf6 8. Bc4
Qg6 9. Ncd5 Nxd5 10. Nxd5 Kd8 11. O-O c6 12. Nf4 Qf6 13. d5 b5 14. Be2 a6 15.
Bd2 c5 16. Ba5+ Ke8 17. Qd2 Be7 18. Qe3 Bf5 19. Nh5 Qf7 20. Qg3 g6 21. Nf4 Nd7
22. Rfe1 Kf8 23. f3 Nf6 24. fxe4 Nxe4 25. Qe3 Bg5 26. Bd3 Re8 27. Bxe4 Rxe4 28.
Ne6+ Bxe6 29. Qxe4 Bxd5 30. Qg4 Bf6 31. Bc3 Bxc3 32. bxc3 Kg7 33. Rf1 Qb7 34.
Rae1 Rf8 35. Rxf8 Kxf8 36. Qf4+ Qf7 37. Qxd6+ Kg8 38. Qd8+ Kg7 39. Re7 1-0

[Event "Titled Tue 24th Jun Late"]
[Site "chess.com INT"]
[Date "2025.06.24"]
[Round "2"]
[White "Ratkovic, Miloje"]
[Black "Kramnik, Vladimir"]
[Result "0-1"]
[WhiteTitle "GM"]
[BlackTitle "GM"]
[WhiteElo "2489"]
[BlackElo "2753"]
[WhiteFideId "914517"]
[BlackFideId "4101588"]
[EventDate "2025.06.24"]

1. d4 Nf6 2. c4 e6 3. Nf3 Bb4+ 4. Bd2 Bxd2+ 5. Nbxd2 d6 6. e4 O-O 7. Bd3 e5 8.
d5 a5 9. h3 Na6 10. O-O Bd7 11. Re1 Nc5 12. Nf1 c6 13. Ng3 cxd5 14. exd5 Re8 15.
Bf1 Qb6 16. b3 g6 17. Rb1 Kg7 18. a3 Qd8 19. b4 axb4 20. axb4 Na6 21. c5 e4 22.
c6 exf3 23. cxd7 Rxe1 24. Qxe1 fxg2 25. Bxa6 Rxa6 26. b5 Ra4 27. Qc3 Qxd7 28.
Kxg2 h5 29. b6 h4 30. Nf1 Qf5 31. Rd1 Ra2 32. Qd4 Qe4+ 33. Qxe4 Nxe4 34. Kf3 f5 0-1

[Event "Titled Tue 24th Jun Late"]
[Site "chess.com INT"]
[Date "2025.06.24"]
[Round "2"]
[White "Milare, Tyron"]
[Black "Melillo, Lucius"]
[Result "0-1"]
[WhiteTitle "FM"]
[BlackTitle "FM"]
[WhiteElo "2248"]
[BlackElo "2170"]
[WhiteFideId "12987018"]
[BlackFideId "30958245"]
[EventDate "2025.06.24"]

1. d4 d5 2. Nf3 Nf6 3. g3 Bf5 4. Bg2 e6 5. Nbd2 h6 6. O-O Be7 7. c4 O-O 8. Qb3
Nc6 9. cxd5 exd5 10. Qxb7 Nb4 11. a3 Rb8 12. Qxa7 Ra8 13. Qb7 Rb8 14. Qxb8 Qxb8
15. axb4 Bxb4 16. Nh4 Bg4 17. Ndf3 g5 18. Ne5 Be6 19. Nc6 Qb6 20. Nxb4 Qxb4 21.
Nf3 Ne4 22. h4 g4 23. Ne5 Qb5 24. Bxh6 Rb8 25. e3 Qxb2 26. Nc6 Rb6 27. Ra8+ Kh7
28. Bf4 Rxc6 29. Be5 f6 30. Bxe4+ dxe4 31. Bxf6 Bc4 32. d5 Rxf6 0-1

[Event "Titled Tue 24th Jun Late"]
[Site "chess.com INT"]
[Date "2025.06.24"]
[Round "2"]
[White "Garcia Alvarez, Diego"]
[Black "Hua, Lefong"]
[Result "0-1"]
[BlackTitle "FM"]
[WhiteElo "2124"]
[BlackElo "2305"]
[WhiteFideId "32094795"]
[BlackFideId "2602253"]
[EventDate "2025.06.24"]

1. d4 Nf6 2. c4 c5 3. Nf3 g6 4. g3 Bg7 5. Bg2 O-O 6. O-O d6 7. Nc3 Nc6 8. dxc5
dxc5 9. Bf4 b6 10. Ne5 Nxe5 11. Qxd8 Rxd8 12. Bxe5 Be6 13. Bxa8 Rxa8 14. b3 Bh6
15. Bxf6 exf6 16. Rfd1 Re8 17. e3 Bg4 18. Rd6 Bf8 19. Rd2 Bf3 20. Re1 f5 21. Nd5
Bg7 22. h3 h5 23. Kh2 h4 24. Rc1 Be5 25. Nf4 g5 26. Nd3 Bc7 27. Ne1 Bc6 28. Nc2
Kg7 29. Kg1 hxg3 30. fxg3 Bxg3 31. Rf1 Kg6 32. Ne1 Rh8 33. Ng2 Rxh3 34. Rfd1 Be4
35. Rd7 Bh2+ 36. Kf2 Be5 37. Rxa7 Rh2 38. Rg1 f4 39. exf4 Bd4+ 40. Kf1 Bd3+ 41.
Ke1 Bxg1 0-1

[Event "Titled Tue 24th Jun Late"]
[Site "chess.com INT"]
[Date "2025.06.24"]
[Round "2"]
[White "Smieszek, Wojciech"]
[Black "Lyakh, Vasiliy"]
[Result "1/2-1/2"]
[WhiteTitle "CM"]
[WhiteElo "2141"]
[BlackElo "2123"]
[WhiteFideId "1156047"]
[BlackFideId "14189828"]
[EventDate "2025.06.24"]

1. e4 c5 2. Nf3 e6 3. d4 cxd4 4. Nxd4 Nc6 5. Nc3 Qc7 6. Be3 a6 7. Bd3 b5 8. Nxc6
Qxc6 9. O-O Bb7 10. f4 Nf6 11. a3 b4 12. axb4 Bxb4 13. Rf2 Bxc3 14. bxc3 Nxe4
15. Bxe4 Qxe4 16. Bc5 Qd5 17. Bd6 Qxd1+ 18. Rxd1 Rc8 19. Rb1 Bc6 20. c4 f6 21.
Rb6 Ra8 22. f5 e5 23. c3 Kf7 24. Ra2 a5 25. Kf2 Rhc8 26. g3 Be4 27. c5 Bxf5 28.
Ra4 Bc2 29. Ra2 Be4 30. Rb5 a4 31. Rb4 Bc6 32. Ra3 Ra7 33. Ke3 Ke6 34. h4 Rca8
35. Kd3 Rb7 36. Kc4 Raa7 37. Rb6 Ra8 38. Rb4 Bd5+ 39. Kd3 Bc6 40. Kc4 1/2-1/2

[Event "Titled Tue 24th Jun Late"]
[Site "chess.com INT"]
[Date "2025.06.24"]
[Round "2"]
[White "Norowitz, Yaacov"]
[Black "Klys, Kacper"]
[Result "1-0"]
[WhiteTitle "IM"]
[BlackTitle "CM"]
[WhiteElo "2400"]
[BlackElo "2218"]
[WhiteFideId "2024799"]
[BlackFideId "21005281"]
[EventDate "2025.06.24"]

1. d4 Nf6 2. Nf3 d5 3. c3 c6 4. Bg5 Ne4 5. Bf4 Bf5 6. Qb3 Qb6 7. e3 Nd7 8. Be2
e6 9. O-O Bd6 10. Bxd6 Nxd6 11. Qa3 Qc7 12. Nbd2 h6 13. c4 O-O 14. Rac1 Ne4 15.
Nxe4 Bxe4 16. Nd2 Bg6 17. Bf3 Nf6 18. Rfe1 Rfd8 19. b4 Qe7 20. Qb2 a6 21. a4
Rdc8 22. h3 Nd7 23. a5 b5 24. axb6 Nxb6 25. c5 Nd7 26. Qc3 e5 27. e4 exd4 28.
Qxd4 Qf6 29. Nb3 Qxd4 30. Nxd4 dxe4 31. Bg4 Rc7 32. Nb3 Ne5 33. Be2 Nd3 34. Bxd3
exd3 35. Rcd1 Rb8 36. Nc1 Rxb4 37. Nxd3 Bxd3 38. Rxd3 Rc4 39. Re5 a5 40. Rd8+
Kh7 41. Ra8 a4 42. g4 Rb7 43. Kg2 Rb5 44. Kg3 Rbxc5 45. Re7 Kg6 46. Raa7 Rc3+
47. f3 h5 48. Rxf7 hxg4 49. hxg4 Rg5 50. Kh4 Kh6 51. f4 Rg6 52. g5+ Kh7 53. f5
Rd6 54. Rxg7+ Kh8 55. g6 Rd4+ 56. Kg5 Rg3+ 57. Kf6 Rd6+ 58. Ke5 Rd5+ 59. Kf4 Rh3
60. Rge7 Rd8 61. f6 1-0

[Event "Titled Tue 24th Jun Late"]
[Site "chess.com INT"]
[Date "2025.06.24"]
[Round "2"]
[White "Xie, Bryan"]
[Black "Kona, Vidip"]
[Result "1-0"]
[WhiteTitle "FM"]
[WhiteElo "2312"]
[BlackElo "2023"]
[WhiteFideId "30941296"]
[BlackFideId "30990440"]
[EventDate "2025.06.24"]

1. e4 c6 2. d4 d5 3. Nc3 a6 4. exd5 cxd5 5. Qf3 Nf6 6. Bg5 Nc6 7. Bxf6 exf6 8.
Qxd5 Qb6 9. O-O-O Bb4 10. Re1+ Be6 11. Nf3 Ne7 12. Qe4 Qa5 13. d5 Bxc3 14. dxe6
Bxe1 15. exf7+ Kf8 16. Bc4 Bb4 17. Nd4 Qe5 18. Ne6+ Kxf7 19. Qxb7 Rab8 20. Qd7
Kg6 21. Qd3+ f5 22. f4 Qf6 23. Qg3+ Kh6 24. Qh3+ Kg6 25. g4 h6 26. Qh5+ Kh7 27.
Ng5+ Qxg5 28. fxg5 Bd6 29. g6+ Nxg6 30. Qxf5 Rhf8 31. Qd3 Bf4+ 32. Kb1 Be5 33.
Bb3 Rbd8 34. Qe4 Rf4 35. Qc6 Rfd4 36. a4 a5 37. h4 Rxg4 38. h5 Rd6 39. hxg6+
Rgxg6 40. Qe8 1-0